Oda a la Reina nuestra señora / (Record no. 163667)
[ view plain ]
| 000 -LEADER | |
|---|---|
| campo de control de longitud fija | 00938nam a2200217 i 4500 |
| 001 - NÚMERO DE CONTROL | |
| campo de control | 163667 |
| 003 - IDENTIFICADOR DE NÚMERO DE CONTROL | |
| campo de control | ES-MaACL |
| 005 - FECHA Y HORA DE LA ÚLTIMA TRANSACCIÓN | |
| campo de control | 20231228063243.0 |
| 008 - DATOS DE LONGITUD FIJA--INFORMACIÓN GENERAL | |
| campo de control de longitud fija | 030114s1831 sp |||| | spa d |
| 080 ## - NÚMERO DE LA CLASIFICACIÓN DECIMAL UNIVERSAL | |
| Número de la Clasificación Decimal Universal | 821.134.2-14"18" |
| 080 ## - NÚMERO DE LA CLASIFICACIÓN DECIMAL UNIVERSAL | |
| Número de la Clasificación Decimal Universal | 929 María Cristina (460)(0:82) |
| 100 1# - ENTRADA PRINCIPAL--NOMBRE DE PERSONA | |
| Nombre de persona | Molíns, Mariano Roca de Togores, |
| Títulos y otros términos asociados al nombre | Marqués de, |
| Fechas asociadas al nombre | 1812-1889 |
| 9 (RLIN) | 130033 |
| 245 10 - MENCIÓN DEL TÍTULO | |
| Título | Oda a la Reina nuestra señora / |
| Mención de responsabilidad, etc. | por Mariano Roca de Togores. |
| 260 ## - PUBLICACIÓN, DISTRIBUCIÓN, ETC. | |
| Lugar de publicación, distribución, etc. | Madrid : |
| Nombre del editor, distribuidor, etc. | [s.n.], |
| Fecha de publicación, distribución, etc. | 1831 ( |
| Fabricante | En la Imp. Real) |
| 300 ## - DESCRIPCIÓN FÍSICA | |
| Extensión | 10 p. ; |
| Dimensiones | 19 cm. |
| 530 ## - NOTA DISPONIBLE DE FORMULARIO FÍSICO ADICIONAL | |
| Nota de formato físico adicional disponible | Disponible en formato digital. |
| 600 04 - PUNTO DE ACCESO ADICIONAL DE MATERIA--NOMBRE DE PERSONA | |
| Nombre de persona | María Cristina, |
| Títulos y otros términos asociados al nombre | Reina consorte de Fernando VII, Rey de España- |
| Subdivisión de forma | Poesías. |
| 9 (RLIN) | 176283 |
| 852 4# - LOCALIZACIÓN | |
| Ubicación | ES-MaACL |
| Número de control de estantería | T-133-F-8 |
| Nota libre | - Enc. hol. |
| -- | - Enc. en un vol. facticio |
| -- | - Ejemplar guillotinado afectando al tít.. |
| 856 4# - LOCALIZACIÓN Y ACCESO ELECTRÓNICOS | |
| Identificador Uniforme de Recursos | <a href="http://bdh-rd.bne.es/viewer.vm?id=0000131300&page=1 ">http://bdh-rd.bne.es/viewer.vm?id=0000131300&page=1 </a> |
| Nota pública | Biblioteca Digital Hispánica |
| Estatus retirado | Estado de pérdida | Estado de daño | No para préstamo | Colección | Biblioteca de origen | Biblioteca actual | Ubicación en estantería | Fecha de adquisición | Total de préstamos | Signatura topográfica completa | Código de barras | Visto por última vez | Precio de reemplazo | Tipo de ítem Koha |
|---|---|---|---|---|---|---|---|---|---|---|---|---|---|---|
| Colección de folletos | Biblioteca del Ateneo de Madrid | Biblioteca del Ateneo de Madrid | Depósito folletos | 17/01/2008 | T-133-F-8 | 1171510 | 23/02/2023 | 23/02/2023 | Folleto |
